000 00915 a2200217 4500
005 20080904102617.0
008 080904t xxu||||| |||| 00| 0 eng d
010 _aENG-87526
020 _c625.00
_a8190472760
035 _aEN-71059
037 _bD.B.Act / Pub
082 _a302.234
100 _aKundu, Kumud
245 _aCyber media and information technology
_cby Kumud Kundu
260 _aDelhi
_bManglam Publishers
_c2007
270 _aL-21/1, Street No. 5, shivaji Marg, Near Kali Mandir, J.P.Nagar, Kartar Nagar, West Ghonda
_bDelhi
_e110 053
_k011-22945678, 9868572512
300 _a240 p.
_c22 cm. (Hb.)
500 _aIncludes bibliograpgical references and index
942 _adpl
_cEN
_k302.234 / KUN
_2ddc
_h302.234
_mKUN
999 _c6627
_d6627